| 000 | 00918 a2200289 4500 | ||
|---|---|---|---|
| 001 | 200001342 | ||
| 999 |
_c200001342 _d26244 |
||
| 003 | TR-AnTOB | ||
| 005 | 20240809094127.0 | ||
| 008 | 100721s2010 tu 000 0 | ||
| 020 | _a9789752673069 | ||
| 040 | _aTR-AnTOB | ||
| 041 | _atur | ||
| 050 | 1 | 4 | _aDR590 |
| 090 | _aDR590 .F553 2010 | ||
| 100 | 1 |
_aFığlalı, Ethem Ruhi, _d1937- _969695 |
|
| 245 | 1 | 0 |
_aİslam laiklik ve Türk laikliğindeki uygulamalar / _cEthem Ruhi Fığlalı. |
| 250 | _a1.basım | ||
| 264 | 1 |
_aAnkara: _bBerikan Yayınevi, _c2010 |
|
| 300 |
_a371 s. ; _c24 cm. |
||
| 650 | 0 |
_aİslam ve devlet _zTürkiye _xTarih _y20. yüzyıl _927941 |
|
| 650 |
_aLaiklik _zTürkiye _xTarih _y20. yüzyıl _927940 |
||
| 650 |
_aIslam and state _xHistory _zTurkey _y20th century _927939 |
||
| 650 |
_aLaicism _zTurkey _xHistory _y20th century _927938 |
||
| 651 | 0 |
_aTurkey _xPolitics and government _y1918-1960 _999522 |
|
| 942 | _cBK | ||